Những vấn đề tổ chức hạch toán kế toán /

Gorde:
Xehetasun bibliografikoak
Egile nagusia: Nguyễn Quang Quỳnh
Formatua: Liburua
Hizkuntza:Vietnamese
Argitaratua: H. : Thống Kê , 1986
Edizioa:In lần thứ 1
Gaiak:
Etiketak: Etiketa erantsi
Etiketarik gabe, Izan zaitez lehena erregistro honi etiketa jartzen!
Thư viện lưu trữ: Thư viện Trường CĐ Kỹ Thuật Cao Thắng
LEADER 00683nam a2200205 a 4500
001 TVCDKTCT819
003 Thư viện trường Cao đẳng Kỹ thuật Cao Thắng
005 20050804000000
008 050804
980 \ \ |a Thư viện Trường CĐ Kỹ Thuật Cao Thắng 
024 |a RG_1 #1 eb0 i1 
041 0 # |a vie 
082 # # |a 657.1 /   |b NG527QU-N 
100 1 # |a Nguyễn Quang Quỳnh 
245 0 0 |a Những vấn đề tổ chức hạch toán kế toán /  |c Nguyễn Quang Quỳnh 
250 # # |a In lần thứ 1 
260 # # |a H. :  |b Thống Kê ,  |c 1986 
300 # # |a 95tr. ;  |c 19cm 
650 # 4 |a Kinh tế 
650 # 4 |a Hạch toán kế toán